| 000 | 00565nam a22002057a 4500 | ||
|---|---|---|---|
| 003 | OSt | ||
| 005 | 20140310182914.0 | ||
| 008 | 130129t xxu||||| |||| 00| 0 eng d | ||
| 020 | _a9710860917 | ||
| 050 |
_aKF 5624.6 _b.N793 2000 |
||
| 082 |
_aFIL 346.599 _bN72 2000 |
||
| 245 |
_aPrinciples of agrarian reforms, cooperatives, and taxation _cNolledo, Jose N. |
||
| 260 |
_aManila _bNational Book Store _c2000 |
||
| 300 |
_a906 p. _c23 cm |
||
| 521 | _acollege students | ||
| 526 | _c1210?L-1700L | ||
| 541 | _j1 | ||
| 562 | _e1 | ||
| 942 |
_2lcc _cBK _kFIL |
||
| 999 |
_c17273 _d17273 |
||